=LDR 00000nam 2200000 4500 =001 INLIS000000000056534 =005 20200910081248 =035 ##$$a 0010-0920000165 =007 ta =008 200910###########################0###### =082 ##$$a 915.986 507 2 =084 ##$$a 915.986 507 2 Sit p =245 1#$$a Laporan Penelitian : $b Positioning lombok sebagai destinasi wisata hahal di indonesia (Comprative Study Lombok dengan Destinasi Halal di Indonesia) /$c Siti Chotijah =300 ##$$a iv, 33 halaman ; $c 28 cm =700 #$$a Yolanda Trisula Sidharta Yohanes =600 #4$$a Industri Pariwisata - NTB - Penelitian =264 ##$$a Mataram :$b UNRAM,$c 2017 =336 ##$$a Text$2 rdacontent =337 ##$$a Laporan$2 rdamedia =338 ##$$a Lain-lain$2 rdacarrier =990 ##$$a 01350135 =990 ##$$a 236/49/2020 =990 ##$$a 236/49/2020